000
00304 a2200133 4500
005
20250311100755.0
082
_a
320.947 HUM
100
_a
HUMBARACI, A.
245
_a
Portugal's African Wars
260
_a
Geneva,
_c
1973.
300
_a
250p.: map
_b
Notes.
_c
20cm.
700
_a
MUCHNIK, N.
942
_2
ddc
_c
BKS
999
_c
337
_d
337